Szczegóły MARC21

Działanie w kształceniu i pracy socjalnej : analiza podejść /

003 -Nazwa inst., której nr kontr. jest w polu 001 [,]
    • @
    • Nazwa instytucji, której n kontrolny jest w polu 001
    • NUKAT
005 -DATA I CZAS OSTATNIEJ MODYFIKACJI [,]
    • @
    • pole kontrolne
    • 20241231094421.0
020 -Międzynarod. znormalizowany nr książki - ISBN [ , ]
    • a
    • Numer ISBN
    • 9788371644726 Find
040 -Instytucja sporządzająca opis [ , ]
    • a
    • Instytucja, która sporządziła opis (NP)
    • KAT U/ES
    • c
    • Instytucja, która sporządziła rekord (NP)
    • KAT U/ES
    • d
    • Instytucja, która zmodyfikowała rekord (P)
    • KAT U/TK
    • d
    • Instytucja, która zmodyfikowała rekord (P)
    • Ł U/MRs
041 -Język dokumentu [1, ]
    • a
    • Język tekstu (P)
    • polski
    • h
    • Język tekstu oryginalnego i/lub pośredniego (P)
    • francuski
942 -Rodzaj dokumentu [ , ]
    • c
    • Rodzaj dokumentu
    • Książka
100 -Hasło główne - nazwa osobowa [1, ]
    • a
    • Nazwa osobowa (NP)
    • Barbier, Jean-Marie.
    • 9
    • KHW
    • 405118
245 -Strefa tytułu i oznaczenia odpowiedzialności [1,0]
    • a
    • Tytuł
    • Działanie w kształceniu i pracy socjalnej : Find
    • b
    • Ciąg dalszy tytułu (NP)
    • analiza podejść / Find
    • c
    • Pozostałe elementy strefy tytułu i oznaczenia odpowiedzialności (NP)
    • Jean-Marie Barbier ; [współaut. rozdz. 2 i 5 Olga Galatanu] ; tł. Grażyna Karbowska.
260 -Strefa adresu wydawniczego [ , ]
    • a
    • Miejsce wydania (P)
    • Katowice :
    • b
    • Nazwa wydawcy (P)
    • "Śląsk",
    • c
    • Data wydania (P)
    • 2006.
300 -Strefa opisu fizycznego [ , ]
    • a
    • Określenie formy książki i/lub objętość (NP)
    • 284 s. ;
    • c
    • Format (NP)
    • 21 cm.
336 -Typ zawartości [ , ]
    • a
    • Termin opisujący typ zawartości
    • Tekst
    • b
    • Kod określający zawartość
    • txt
    • 2
    • Źródło (terminu i kodu)
    • rdacontent
337 -Typ mediów [ , ]
    • a
    • Tryb odtwarzania
    • Bez urządzenia pośredniczącego
    • b
    • Kod typu mediów
    • n
    • 2
    • Źródło (terminu i kodu)
    • rdamedia
338 -Typ/rodzaj nośnika [ , ]
    • a
    • Hasło opisujące typ nośnika
    • Wolumin
    • b
    • Kod typu nośnika
    • nc
    • 2
    • Źródło (terminu i kodu)
    • rdacarrier
490 -Strefa serii i książki wielotomowej - forma nie do wyszukiwania [1, ]
    • a
    • Tytuł (P)
    • Biblioteka Pracownika Socjalnego Find
830 -Hasło dodatkowe serii i opisu książki wielotomowej - tytuł ujednolicony/tytuł [ ,0]
    • a
    • Tytuł ujednolicony/tytuł (NP)
    • Biblioteka Pracownika Socjalnego
    • 9
    • KHW
    • 13191
500 -Uwaga ogólna [ , ]
    • a
    • Uwaga ogólna (NP)
    • Wybór tekstów dok. przez aut.
504 -Uwaga dot. bibliogr. załącznikowej [ , ]
    • a
    • Uwaga dot. bibliografii załącznikowej
    • Bibliogr. s. 273-284.
080 -Uniwersalna Klasyfikacja Dziesiętna [ , ]
    • 2
    • Identyfikator wydania tablic
    • UDC-P058
    • a
    • Symbol klasyfikacji
    • 364-4
    • b
    • Dopowiedzenie
    • Osoby niosące pomoc społeczną. Opiekunowie społeczni. Pracownicy opieki społecznej.
080 -Uniwersalna Klasyfikacja Dziesiętna [ , ]
    • 2
    • Identyfikator wydania tablic
    • UDC-P058
    • a
    • Symbol klasyfikacji
    • 374.7
    • b
    • Dopowiedzenie
    • Nauczanie dorosłych.
080 -Uniwersalna Klasyfikacja Dziesiętna [ , ]
    • 2
    • Identyfikator wydania tablic
    • UDC-P058
    • a
    • Symbol klasyfikacji
    • 364-1
    • b
    • Dopowiedzenie
    • Teoria opieki społecznej. Teorie przyczynowe, różne koncepcje opieki społecznej.
650 -Hasło przedmiotowe [ ,7]
    • a
    • Hasło przedmiotowe
    • Kultura przedsiębiorstwa
    • x
    • Określnik rzeczowy
    • badania transkulturowe.
    • 2
    • Źródło terminu
    • kaba
    • 9
    • KHW
    • 389984
650 -Hasło przedmiotowe [ ,7]
    • a
    • Hasło przedmiotowe
    • Pracownicy socjalni
    • x
    • Określnik rzeczowy
    • kształcenie.
    • 2
    • Źródło terminu
    • kaba
    • 9
    • KHW
    • 444836
650 -Hasło przedmiotowe [ ,7]
    • a
    • Hasło przedmiotowe
    • Teoria działania.
    • 2
    • Źródło terminu
    • kaba
    • 9
    • KHW
    • 133295
980 -Symbol UKD [ , ]
    • a
    • UKD
    • 364-4:374.7:364-1
700 -Hasło dodatkowe - nazwa osobowa [1, ]
    • a
    • Nazwa osobowa (NP)
    • Galatanu, Olga. Find
    • 9
    • KHW
    • 713538
700 -Hasło dodatkowe - nazwa osobowa [1, ]
    • a
    • Nazwa osobowa (NP)
    • Karbowska, Grażyna. Find
    • e
    • Określenie rodzaju współpracy
    • Tł.
    • 9
    • KHW
    • 47958
710 -Hasło dodatkowe - nazwa ciała zbiorowego [2, ]
    • a
    • Nazwa ciała zbiorowego lub nazwa geograficzna jako pierwszy element (NP)
    • Wydawnictwo Naukowe "Śląsk".
    • 4
    • Kod relacji
    • pbl
    • 9
    • KHW
    • 58150
920 -ISBN [ , ]
    • a
    • ISBN
    • 978-83-7164-472-6 Find
Numer inwentarzowy Status udost. Lokalizacja Data inwentaryzacji Sygnatura
Pd.19788-3BG2009-04-07 
Pd.197871BG2009-04-07 
GW.6119-2GW2016-02-1936